000 00606nam a22001817a 4500
999 _c10733
_d10733
008 180919b ||||| |||| 00| 0 eng d
020 _a978-1-5443-2225-4
082 _22019
_aDC 302.23
_bIs75
245 _aIssues in news and reporting :
_bselections from CQ researcher/
260 _aCalifornia :
_bCQ Press,
_c©2019.
300 _axvi, 278 pages :
_billustrations ;
_c23 cm.
500 _aIncludes notes.
650 _aMass media -- Social aspects
_931292
650 _aMass media and culture
_931293
650 _aDigital media -- Social aspects
_931294
365 _b5,738.00
_cPhp
942 _2ddc
_cDC